000 01190nam0a22002651 4500
001 rc\1080622
005 20250622140437.0
035 _a(NLR Aleph) 006329024
090 _a7525350
_c7525350
100 _a20041126d1983 |||y0rusy50 ca
101 0 _arus
102 _aRU
105 _ay |||||||||
200 1 _aСовершенствование социалистической общественной собственности на средства производства в условиях развитого социализма
_e[Сб. статей
_fОтв. ред. проф. Ульмасов А.У.]
210 _aТашкент
_cТашк. ин-т нар. хоз-ва
_d1983
215 _a96 с.
_d20
225 1 _aНаучные труды
_fТашк. ин-т нар. хоз-ва
_vВып. 211
300 _aВ надзаг. также: М-во высш. и сред. спец. образования УзССР
320 _aБиблиогр. в подстроч. примеч.
702 1 _aУльмасов
_bА.У.
_gАхмед Ульмасович
_4340
801 0 _aRU
_bNLR
_gpsbo
801 1 _aRU
_bELAR
_2rusmarc
852 _aNLR
_jП23/2288
942 _cBOOK
980 _aNB